<?xml version="1.0" encoding="UTF-8"?>
<collection xmlns="http://www.loc.gov/MARC21/slim">
 <record>
  <leader>02530nam a22003017a 4500</leader>
  <controlfield tag="001">NCT_73410</controlfield>
  <controlfield tag="008">200211b        xxu||||| |||| 00| 0 vie d</controlfield>
  <datafield tag="999" ind1=" " ind2=" ">
   <subfield code="c">3575</subfield>
   <subfield code="d">3575</subfield>
  </datafield>
  <datafield tag="020" ind1=" " ind2=" ">
   <subfield code="a">9786047442577</subfield>
   <subfield code="c">69000</subfield>
  </datafield>
  <datafield tag="082" ind1="0" ind2="4">
   <subfield code="2">23rd ed.</subfield>
   <subfield code="a">658.3</subfield>
   <subfield code="b">Ng250T</subfield>
  </datafield>
  <datafield tag="245" ind1="0" ind2="0">
   <subfield code="a">Nghệ thuật quản lý nhân sự </subfield>
   <subfield code="b">=  Human resources</subfield>
   <subfield code="c">Lê Tiến Thành (dịch)</subfield>
  </datafield>
  <datafield tag="250" ind1=" " ind2=" ">
   <subfield code="a">Tái bản lần 4</subfield>
  </datafield>
  <datafield tag="260" ind1=" " ind2=" ">
   <subfield code="a">Thanh Hóa</subfield>
   <subfield code="b">Nxb. Thanh Hóa</subfield>
   <subfield code="c">2019</subfield>
  </datafield>
  <datafield tag="300" ind1=" " ind2=" ">
   <subfield code="a">167 tr.</subfield>
   <subfield code="c">21cm</subfield>
  </datafield>
  <datafield tag="520" ind1="3" ind2=" ">
   <subfield code="a">Nội dung sách nhấn mạnh về ba điểm quản lý nhân sự là phải tìm ra được sở trường và sở đoản của nhân viên, phải hướng dẫn nhân viên trong công việc, phải giúm cho nhân viên phát huy hết khả năng làm việc của mình.</subfield>
  </datafield>
  <datafield tag="653" ind1=" " ind2=" ">
   <subfield code="a">Quản trị kinh doanh</subfield>
  </datafield>
  <datafield tag="942" ind1=" " ind2=" ">
   <subfield code="2">ddc</subfield>
   <subfield code="c">BK</subfield>
  </datafield>
  <datafield tag="952" ind1=" " ind2=" ">
   <subfield code="0">0</subfield>
   <subfield code="1">0</subfield>
   <subfield code="2">ddc</subfield>
   <subfield code="4">0</subfield>
   <subfield code="6">658_300000000000000_NG250T</subfield>
   <subfield code="7">0</subfield>
   <subfield code="9">18512</subfield>
   <subfield code="a">000001</subfield>
   <subfield code="b">000001</subfield>
   <subfield code="d">2020-02-11</subfield>
   <subfield code="o">658.3 Ng250T</subfield>
   <subfield code="p">MD.16615</subfield>
   <subfield code="r">2020-02-11</subfield>
   <subfield code="v">69000.00</subfield>
   <subfield code="w">2020-02-11</subfield>
   <subfield code="y">BK</subfield>
  </datafield>
  <datafield tag="952" ind1=" " ind2=" ">
   <subfield code="0">0</subfield>
   <subfield code="1">0</subfield>
   <subfield code="2">ddc</subfield>
   <subfield code="4">0</subfield>
   <subfield code="6">658_300000000000000_NG250T</subfield>
   <subfield code="7">0</subfield>
   <subfield code="9">18513</subfield>
   <subfield code="a">000001</subfield>
   <subfield code="b">000001</subfield>
   <subfield code="d">2020-02-11</subfield>
   <subfield code="l">1</subfield>
   <subfield code="o">658.3 Ng250T</subfield>
   <subfield code="p">MD.16616</subfield>
   <subfield code="r">2020-06-29</subfield>
   <subfield code="s">2020-06-15</subfield>
   <subfield code="v">69000.00</subfield>
   <subfield code="w">2020-02-11</subfield>
   <subfield code="y">BK</subfield>
  </datafield>
  <datafield tag="952" ind1=" " ind2=" ">
   <subfield code="0">0</subfield>
   <subfield code="1">0</subfield>
   <subfield code="2">ddc</subfield>
   <subfield code="4">0</subfield>
   <subfield code="6">658_300000000000000_NG250T</subfield>
   <subfield code="7">0</subfield>
   <subfield code="9">18514</subfield>
   <subfield code="a">000001</subfield>
   <subfield code="b">000001</subfield>
   <subfield code="d">2020-02-11</subfield>
   <subfield code="o">658.3 Ng250T</subfield>
   <subfield code="p">MD.16617</subfield>
   <subfield code="r">2020-02-11</subfield>
   <subfield code="v">69000.00</subfield>
   <subfield code="w">2020-02-11</subfield>
   <subfield code="y">BK</subfield>
  </datafield>
  <datafield tag="952" ind1=" " ind2=" ">
   <subfield code="0">0</subfield>
   <subfield code="1">0</subfield>
   <subfield code="2">ddc</subfield>
   <subfield code="4">0</subfield>
   <subfield code="6">658_300000000000000_NG250T</subfield>
   <subfield code="7">0</subfield>
   <subfield code="9">18515</subfield>
   <subfield code="a">000001</subfield>
   <subfield code="b">000001</subfield>
   <subfield code="d">2020-02-11</subfield>
   <subfield code="o">658.3 Ng250T</subfield>
   <subfield code="p">MD.16618</subfield>
   <subfield code="r">2020-02-11</subfield>
   <subfield code="v">69000.00</subfield>
   <subfield code="w">2020-02-11</subfield>
   <subfield code="y">BK</subfield>
  </datafield>
  <datafield tag="952" ind1=" " ind2=" ">
   <subfield code="0">0</subfield>
   <subfield code="1">0</subfield>
   <subfield code="2">ddc</subfield>
   <subfield code="4">0</subfield>
   <subfield code="6">658_300000000000000_NG250T</subfield>
   <subfield code="7">0</subfield>
   <subfield code="9">18516</subfield>
   <subfield code="a">000001</subfield>
   <subfield code="b">000001</subfield>
   <subfield code="d">2020-02-11</subfield>
   <subfield code="o">658.3 Ng250T</subfield>
   <subfield code="p">MD.16619</subfield>
   <subfield code="r">2020-02-11</subfield>
   <subfield code="v">69000.00</subfield>
   <subfield code="w">2020-02-11</subfield>
   <subfield code="y">BK</subfield>
  </datafield>
  <datafield tag="952" ind1=" " ind2=" ">
   <subfield code="0">0</subfield>
   <subfield code="1">0</subfield>
   <subfield code="2">ddc</subfield>
   <subfield code="4">0</subfield>
   <subfield code="6">658_300000000000000_NG250T</subfield>
   <subfield code="7">0</subfield>
   <subfield code="9">18517</subfield>
   <subfield code="a">000001</subfield>
   <subfield code="b">000001</subfield>
   <subfield code="d">2020-02-11</subfield>
   <subfield code="o">658.3 Ng250T</subfield>
   <subfield code="p">MD.16620</subfield>
   <subfield code="r">2020-02-11</subfield>
   <subfield code="v">69000.00</subfield>
   <subfield code="w">2020-02-11</subfield>
   <subfield code="y">BK</subfield>
  </datafield>
  <datafield tag="952" ind1=" " ind2=" ">
   <subfield code="0">0</subfield>
   <subfield code="1">0</subfield>
   <subfield code="2">ddc</subfield>
   <subfield code="4">0</subfield>
   <subfield code="6">658_300000000000000_NG250T</subfield>
   <subfield code="7">0</subfield>
   <subfield code="9">18518</subfield>
   <subfield code="a">000001</subfield>
   <subfield code="b">000001</subfield>
   <subfield code="d">2020-02-11</subfield>
   <subfield code="l">1</subfield>
   <subfield code="m">1</subfield>
   <subfield code="o">658.3 Ng250T</subfield>
   <subfield code="p">MD.16621</subfield>
   <subfield code="r">2021-03-24</subfield>
   <subfield code="s">2021-03-09</subfield>
   <subfield code="v">69000.00</subfield>
   <subfield code="w">2020-02-11</subfield>
   <subfield code="y">BK</subfield>
  </datafield>
  <datafield tag="952" ind1=" " ind2=" ">
   <subfield code="0">0</subfield>
   <subfield code="1">0</subfield>
   <subfield code="2">ddc</subfield>
   <subfield code="4">0</subfield>
   <subfield code="6">658_300000000000000_NG250T</subfield>
   <subfield code="7">0</subfield>
   <subfield code="9">18519</subfield>
   <subfield code="a">000001</subfield>
   <subfield code="b">000001</subfield>
   <subfield code="d">2020-02-11</subfield>
   <subfield code="o">658.3 Ng250T</subfield>
   <subfield code="p">MD.16622</subfield>
   <subfield code="r">2020-02-11</subfield>
   <subfield code="v">69000.00</subfield>
   <subfield code="w">2020-02-11</subfield>
   <subfield code="y">BK</subfield>
  </datafield>
  <datafield tag="952" ind1=" " ind2=" ">
   <subfield code="0">0</subfield>
   <subfield code="1">0</subfield>
   <subfield code="2">ddc</subfield>
   <subfield code="4">0</subfield>
   <subfield code="6">658_300000000000000_NG250T</subfield>
   <subfield code="7">0</subfield>
   <subfield code="9">18520</subfield>
   <subfield code="a">000001</subfield>
   <subfield code="b">000001</subfield>
   <subfield code="d">2020-02-11</subfield>
   <subfield code="o">658.3 Ng250T</subfield>
   <subfield code="p">MD.16623</subfield>
   <subfield code="r">2020-02-11</subfield>
   <subfield code="v">69000.00</subfield>
   <subfield code="w">2020-02-11</subfield>
   <subfield code="y">BK</subfield>
  </datafield>
  <datafield tag="952" ind1=" " ind2=" ">
   <subfield code="0">0</subfield>
   <subfield code="1">0</subfield>
   <subfield code="2">ddc</subfield>
   <subfield code="4">0</subfield>
   <subfield code="6">658_300000000000000_NG250T</subfield>
   <subfield code="7">0</subfield>
   <subfield code="9">18521</subfield>
   <subfield code="a">000001</subfield>
   <subfield code="b">000001</subfield>
   <subfield code="d">2020-02-11</subfield>
   <subfield code="o">658.3 Ng250T</subfield>
   <subfield code="p">MD.16624</subfield>
   <subfield code="r">2020-02-11</subfield>
   <subfield code="v">69000.00</subfield>
   <subfield code="w">2020-02-11</subfield>
   <subfield code="y">BK</subfield>
  </datafield>
  <datafield tag="980" ind1=" " ind2=" ">
   <subfield code="a">Thư viện Trường Đại học Nam Cần Thơ</subfield>
  </datafield>
 </record>
</collection>
